000 00564nam a2200169 a 4500
001 000046686
005 20240614093609.0
008 180316s2017 dr 000 spa d
020 _a9789945503050
040 _aDO-SdBNP
_bspa
_cBNPHU
100 1 _aGarcía Godoy, Federico,
_d1857-1924
_91669
245 3 _aEl derrumbe. /
_cFederico García Godoy ; Prólogo de Pura Emeterio Rondón.
260 _aSanto Domingo :
_bMinisterio de Cultura,
_c2017.
300 _a185 p. ;
_c20 cm.
590 _aInventariado,2018/DG
700 _aEmeterio Rondón, Pura
_ePról.
_918861
999 _c46175
_d46175